000 00543nam a2200229Ia 4500
003 OSt
005 20221007101909.0
006 a|||||r|||| 00| 0
007 ta
008 221006b |||||||| |||| 00| 0 eng d
024 _a8,702
037 _cBound Volume
040 _aLCO
_cLCO
_beng
041 _2eng
_aeng
082 _aZm2,N86, M6
245 0 _aUNREPORTED JUDGEMENTS, 1986
260 _c1986
490 _v18
650 _aUNREPORTED JUDGEMENTS
942 _hZm2,N86, M6
_cCR
999 _c1178265
_d1178265